A formula for dismantling the nation's water resources program : an analysis of the impact and implications of the National Water Commission's proposed report /

Bibliographic Details
Main Author: Hull, William J.
Corporate Author: United States. National Water Commission
Format: Book
Language:English
Published: Washington, D.C. : National Waterways Conference, [1973?]
Subjects:

MARC

Tag First Indicator Second Indicator Subfields
LEADER 00000cam a2200000 a 4500
001 in00000103039
005 20150929180122.0
008 790801s1973 dcu 00010 eng d
035 |a (OCoLC)05229024 
035 |9 AAN2252AM 
040 |a AFU  |c AFU  |d TXA  |d UtOrBLW 
043 |a n-us--- 
049 |a TXAM  |c [802607] 
090 |a HD1694 A5  |b  H78 
100 1 |a Hull, William J. 
245 1 2 |a A formula for dismantling the nation's water resources program :  |b an analysis of the impact and implications of the National Water Commission's proposed report /  |c by William J. Hull. 
264 1 |a Washington, D.C. :  |b National Waterways Conference,  |c [1973?] 
300 |a viii, 48 pages ;  |c 23 cm. 
336 |a text  |b txt  |2 rdacontent 
337 |a unmediated  |b n  |2 rdamedia 
338 |a volume  |b nc  |2 rdacarrier 
650 0 |a Water resources development  |z United States. 
650 0 |a Inland water transportation  |z United States. 
710 1 |a United States.  |b National Water Commission.  |t Review draft, proposed report. 
999 |a MARS 
999 f f |s 5b54ae82-9003-3385-a5a3-59fae39adfc6  |i 841c5fe6-20fa-3d62-b0be-901f0a6b3a83  |t 0 
952 f f |p ric  |a Texas A&M University  |b Rellis Campus  |c Joint Library Facility  |d Remote Storage  |t 0  |e HD1694 A5 H78  |h Library of Congress classification  |i unmediated -- volume  |m A14806281326 
998 f f |a HD1694 A5 H78  |t 0  |l Remote Storage